• 首页
  • 本馆介绍
  • 公告通知
  • 最新文献
  • 馆藏检索
  • 电子资源
  • 读者导购
  • 参考咨询
  • 我的图书馆
  • 登录
  • 详细信息显示
  • 放入我的书架
  • 预约/预借图书
  • 作者相关作品
  • 分类相关作品
  • 丛书相关作品
  • 出版社相关作品

书目信息

  • 表格格式
  • 工作单格式
  • 卡片格式
题名:
比较诗话学
    
 
作者: 蔡镇楚 , 龙宿莽 著
分册:  
出版信息: 北京   北京图书馆出版社  2006
页数: 438页
开本: 21cm
丛书名:
单 册:
中图分类: I106.2
科图分类:
主题词: 诗话--比较文学--文学研究--中国--外国 , 比较文学 , 文学研究 , 诗话
电子资源:
ISBN: 7-5013-3188-X
000 00869nam0 2200265 450
001 003335947
005 20070801170832.65
010    @a7-5013-3188-X@dCNY28.00
100    @a20060124d2006 em y0chiy0110 ea
101 0  @achi
102    @aCN@b110000
105    @ay z 000yy
200 1  @a比较诗话学@9bi jiao shi hua xue@f蔡镇楚,龙宿莽著
210    @a北京@c北京图书馆出版社@d2006
215    @a438页@d21cm
330    @a本书内容包括绪论:论比较诗话学及其比较文学研究价值;诗话;诗话学;东方诗话与儒家文化;东方诗话与佛教文化;阿拉伯诗学与伊斯兰教文化;东方诗话圈等。
606 0  @a诗话@x比较文学@x文学研究@y中国@y外国
606 0  @a比较文学
606 0  @a文学研究
606 0  @a诗话
690    @aI106.2@v4
701  0 @a蔡镇楚@9cai zhen chu@4著
701  0 @a龙宿莽@9long su mang@c(女,@f1971.12~)@4著
801  0 @aCN@bNLC@c20070801
905    @a10447@dI106.2@e208
    
    比较诗话学/蔡镇楚,龙宿莽著.-北京:北京图书馆出版社,2006
    438页;21cm
    
    
    ISBN 7-5013-3188-X:CNY28.00
    本书内容包括绪论:论比较诗话学及其比较文学研究价值;诗话;诗话学;东方诗话与儒家文化;东方诗话与佛教文化;阿拉伯诗学与伊斯兰教文化;东方诗话圈等。
●
相关链接 在E读中查询图书 在五车中查询图书 在当当中查询图书 在豆瓣中查询图书


正题名:比较诗话学     索取号:I106.2/208         预约/预借

序号 登录号 条形码 馆藏地/架位号 状态 备注
1 0800560   208005601   第一样本阅览室/ [索取号:I106.2/208] 在馆    
2 0800561   208005610   第二借阅区/ [索取号:I106.2/208] 在馆    
3 0800562   208005629   第二借阅区/ [索取号:I106.2/208] 在馆    
4 0800563   208005638   第二借阅区/ [索取号:I106.2/208] 在馆    
5 0800564   208005647   第二借阅区/ [索取号:I106.2/208] 在馆    
6 0800565   208005656   第二借阅区/ [索取号:I106.2/208] 在馆    
7 0800566   208005665   第二借阅区/ [索取号:I106.2/208] 在馆    
8 0800567   208005674   第二借阅区/ [索取号:I106.2/208] 在馆    
9 0800568   208005683   第二借阅区/ [索取号:I106.2/208] 在馆    
10 0800569   208005692   第二借阅区/ [索取号:I106.2/208] 在馆    
唐山师范学院图书馆 欢迎您!
大连网信软件有限公司© 版权所有